LEADER 02756nam 22004455 450 001 9910484844503321 005 20200714001151.0 010 $a3-658-16074-8 024 7 $a10.1007/978-3-658-16074-6 035 $a(CKB)3710000001632768 035 $a(DE-He213)978-3-658-16074-6 035 $a(PPN)203849744 035 $a(EXLCZ)993710000001632768 100 $a20170821d2017 u| 0 101 0 $ager 135 $aurnn|008mamaa 181 $ctxt$2rdacontent 182 $cc$2rdamedia 183 $acr$2rdacarrier 200 10$aLehrbuch der Bauphysik $eSchall - Wärme - Feuchte - Licht - Brand - Klima /$fherausgegeben von Wolfgang M. Willems 205 $a8th ed. 2017. 210 1$aWiesbaden :$cSpringer Fachmedien Wiesbaden :$cImprint: Springer Vieweg,$d2017. 215 $a1 online resource (XX, 841 S.) 311 $a3-658-16073-X 327 $aSchall -- Wärme -- Feuchte -- Licht -- Brand -- Klima. 330 $aDas bewährte Lehr- und Nachschlagewerk der Bauphysik wurde für die 8. Auflage aktualisiert und moderat ergänzt; es stellt damit den heutigen Stand der Technik in diesem Bereich dar. Um dem Anspruch eines Studientitels auch weiterhin gerecht zu werden, wurden die Ausführungen zu den unterschiedlichen Themenbereichen auf die Lehrpläne im Fach Bauphysik abgestimmt und ? wo es zielführend erschien ? vertieft und ergänzt. Neben den wissenschaftlichen Grundlagen und Zusammenhängen sind im Hinblick auf die praktische Anwendung die Inhalte der wesentlichen bauphysikalisch relevanten Normen und Verordnungen in komprimierter Form enthalten.   Der Inhalt Schall ? Wärme ? Feuchte ? Licht ? Brand ? Klima   Die Zielgruppen Studierende des Bauingenieurwesens und der Architektur an Universitäten und Fachhochschu len sowie in der Praxis tätige Architekten und Bauingenieure   Der Herausgeber Prof. Dr-Ing. habil.Wolfgang M. Willems leitet den Lehrstuhl für Bauphysik und Technische Gebäudeausrüstung an der Technischen Universität Dortmund sowie die Arbeitsgruppe Baukonstruktion und Bauphysik an der Ruhr-Universität Bochum. 606 $aBuilding construction 606 $aConstruction 606 $aBuilding Physics, HVAC$3https://scigraph.springernature.com/ontologies/product-market-codes/T23080 606 $aBasics of Construction$3https://scigraph.springernature.com/ontologies/product-market-codes/K1700X 615 0$aBuilding construction. 615 0$aConstruction. 615 14$aBuilding Physics, HVAC. 615 24$aBasics of Construction. 676 $a690 702 $aWillems$b Wolfgang M$4edt$4http://id.loc.gov/vocabulary/relators/edt 906 $aBOOK 912 $a9910484844503321 996 $aLehrbuch der Bauphysik$92851139 997 $aUNINA